<?xml version="1.0" encoding="UTF-8"?>
<collection xmlns="http://www.loc.gov/MARC21/slim">
  <record>
    <leader>00000nam  2200000   4500</leader>
    <controlfield tag="001">INLIS000000000000491</controlfield>
    <controlfield tag="005">20190521091208</controlfield>
    <datafield tag="035" ind1="#" ind2="#">
      <subfield code="a">0010-0718000491</subfield>
    </datafield>
    <controlfield tag="008">190521################g##########0#ind##</controlfield>
    <datafield tag="020" ind1="#" ind2="#">
      <subfield code="a">9789797693671</subfield>
    </datafield>
    <datafield tag="041" ind1=" " ind2=" ">
      <subfield code="a">id</subfield>
    </datafield>
    <datafield tag="082" ind1="#" ind2="#">
      <subfield code="a">658.408</subfield>
    </datafield>
    <datafield tag="090" ind1=" " ind2=" ">
      <subfield code="a">658.408 Azh c</subfield>
    </datafield>
    <datafield tag="100" ind1=" " ind2="#">
      <subfield code="a">Azheri, Busyra</subfield>
    </datafield>
    <datafield tag="245" ind1="1" ind2="#">
      <subfield code="a">Corporate social responsibility : Dari Voluntary menjadi responsibility /</subfield>
      <subfield code="c">Busyra Azheri</subfield>
    </datafield>
    <datafield tag="250" ind1="#" ind2="#">
      <subfield code="a">ed.1</subfield>
    </datafield>
    <datafield tag="260" ind1="#" ind2="#">
      <subfield code="a">Jakarta :</subfield>
      <subfield code="b">Rajawali Pers,</subfield>
      <subfield code="c">2012</subfield>
    </datafield>
    <datafield tag="300" ind1="#" ind2="#">
      <subfield code="a">xxi; 396 hlm. :</subfield>
      <subfield code="b">ilus ;</subfield>
      <subfield code="c">20 cm</subfield>
    </datafield>
    <datafield tag="650" ind1=" " ind2="#">
      <subfield code="a">CSR</subfield>
    </datafield>
    <datafield tag="084" ind1="#" ind2="#">
      <subfield code="a">658.408 Azh c</subfield>
    </datafield>
    <datafield tag="520" ind1="#" ind2="#">
      <subfield code="a">CSR merupakan inti dari etika bisnis, dimana suatu perusahaan tidak hanya mempunyai kewajiban -kewajiban ekonomis dan legal kepada pemegang saham (Shareholders), tetapi perusahaan juga mempunyai kewajiban terhadap pihak lain yang berkepentingan (stakeholders). CSR itu sendiri merujuk pada semua hubungan yang terjadi antara perusahaan dengan pelanggan (costumers), karyawan (employers), komunitas masyarakat, investor, pemerintah, dan pemasok (supplier), serta kompetitor dirinya. Buku inimenjelaskan pokok-pokok pemikiran yang berkaitan dengan CSR yang didasari oleh prinsip voluntary hingga menjadi mandatory. Selain itu, buku ini juga mendeskripsikan dan membandingkan penerapan CSR di Belanda dan di Kanada, dimana terlihat bahwa penerapan CSR sangat bergantung pada political will pemerintah. Sebagai negara yang sangat kaya akan sumber daya alam, maka titik berat lebih menjurus pada kasus yang sangat sesuai, yaitu pengelolaan pertambangan di Indonesia dan tanggung jawab sosial perusahaan di bidang pertambangan.Buku ini sesuai dengan mata kuliah Humum Perusahaan, Hukum Dagang dan Hukum Pertambangan.</subfield>
    </datafield>
    <datafield tag="856" ind1="#" ind2="#">
      <subfield code="a">Perpustakaan Lembaga Administrasi Negara</subfield>
    </datafield>
    <datafield tag="990" ind1="#" ind2="#">
      <subfield code="a">141217174</subfield>
    </datafield>
    <datafield tag="990" ind1="#" ind2="#">
      <subfield code="a">141217173</subfield>
    </datafield>
    <datafield tag="990" ind1="#" ind2="#">
      <subfield code="a">141217174</subfield>
    </datafield>
    <datafield tag="990" ind1="#" ind2="#">
      <subfield code="a">141217173</subfield>
    </datafield>
    <datafield tag="990" ind1="#" ind2="#">
      <subfield code="a">141217173</subfield>
    </datafield>
    <datafield tag="990" ind1="#" ind2="#">
      <subfield code="a">141217174</subfield>
    </datafield>
  </record>
</collection>
